Física / (Registro nro. 9268)
[ vista simple ]
| 000 -LIDER | |
|---|---|
| fixed length control field | 00930nam a22003017a 4500 |
| 001 - NÚMERO DE CONTROL | |
| Identificador de número de control | 240015 |
| 003 - IDENTIFICACDOR DE NÚMERO DE CONTROL | |
| control field | DO-SdBNP |
| 005 - DATE AND TIME OF LATEST TRANSACTION | |
| control field | 20171110083925.0 |
| 007 - CAMPOS FIJOS DE DESCRIPCIÓN FÍSICA | |
| fixed length control field | 240015 |
| 008 - ELEMENTOS DE LONGITUD FIJA | |
| fixed length control field | 160316b 2007 mx xxu||||| |||| 00| 0 spa d |
| 020 ## - ISBN | |
| International Standard Book Number | 9789702608516 |
| 040 ## - FUENTE DE CATALOGACIÓN | |
| Agencia que crea de manera original el registro | BPMSU |
| Idioma de catalogación | spa |
| Agencia que realiza la transcripción | BPMSU |
| 082 #4 - NÚMERO DE CLASIFICACIÓN DECIMAL DE DEWEY | |
| Classification number | 530 |
| Item number | W746f, 2007 |
| 100 1# - ASIENTO PRINCIPAL -- NOMBRE PERSONAL | |
| Nombre personal | Wilson, Jerry D. |
| 240 10 - TITULO UNIFORME | |
| Título uniforme | College physics. |
| Idioma de una obra | Español |
| 245 1# - MENCIÓN DE TITULO | |
| Título | Física / |
| Mención de responsabilidad | Jerry D. Wilson, Anthony J. Buffa, Bo Lou ; traducción Ma. de Lourdes Amador Araujo. |
| 250 ## - MENCIÓN DE EDICION | |
| Mención de edición | 6ª ed. |
| 260 ## - PUBLICACIÓN, DISTRIBUCIÓN, ETC. (PIE DE IMPRENTA) | |
| Lugar de publicación, distribución, etc | México, D.F. : |
| Nombre del editor, distribuidor, etc. | Pearson Educación, |
| Fecha de publicación, distribución, etc | 2007. |
| 300 ## - DESCRIPCIÓN FÍSICA | |
| Extensión | xxvi, 818, [28] p. : |
| Otros detalles físicos | il. ; |
| Dimensiones | 27 cm. + 1 CD ROM |
| Enlace | |
| 500 ## - NOTA GENERAL | |
| Nota general | Incluye índice |
| 650 #4 - ENCABEZAMIENTO DE MATERIA--TEMÁTICO | |
| Término temático o nombre geográfico como elemento de entrada | FÍSICA |
| 700 12 - ASIENTO SECUNDARIO -- NOMBRE PERSONAL | |
| Nombre personal | Buffa, Anthony J. |
| 700 12 - ASIENTO SECUNDARIO -- NOMBRE PERSONAL | |
| Nombre personal | Lou, Bo |
| 700 12 - ASIENTO SECUNDARIO -- NOMBRE PERSONAL | |
| Nombre personal | Ma. de Lourdes Amador Araujo |
| Mención de responsabilidad | tr. |
| 910 ## - VALIDACIÓN | |
| Validación | Validado. Control de calidad MFF |
| 942 ## - ADDED ENTRY ELEMENTS (KOHA) | |
| Source of classification or shelving scheme | Dewey Decimal Classification |
| Koha item type | Libros |
| 945 ## - INFORMACIÓN DE PROCESAMIENTO LOCAL | |
| Información de procesamiento local | Invetariado extranjero / 2017 VM |
| Withdrawn status | Lost status | Source of classification or shelving scheme | Damaged status | Not for loan | Collection code | Home library | Current library | Date acquired | Source of acquisition | Total Checkouts | Full call number | Barcode | Date last seen | Price effective from | Koha item type |
|---|---|---|---|---|---|---|---|---|---|---|---|---|---|---|---|
| Dewey Decimal Classification | Colección General | Biblioteca Pública Metropolitana Salomé Ureña | Biblioteca Pública Metropolitana Salomé Ureña | 03/16/2016 | Donado Fundación Economía y Desarrollo | 530 W746f , 2007 | BPMSU16030144 | 03/16/2016 | 03/16/2016 | Libros |